000 00755nam a2200205 a 4500
001 22446
003 CO-ViMGA
008 141112s2004 ck r 000 u spa d
040 _aCO-ViMGA
_bspa
_cCO-ViMGA
082 0 4 _a220.6 I137t
100 1 _aIafrancesco V, Gino
_931813
245 1 0 _aEl templo de dios
260 _aBogotá :
_bCristiania,
_c1998
300 _a375
505 _aEl momento de la edificación de la casa de Dios 9 - - La longitud de la casa de Dios 23 - - La anchura de la casa de Dios 35 - - La altura de la casa de Dios 55
590 _aForma de adquisición : Donación - - Precio : 20.000 - - Fecha de adquisición : 2008
650 1 4 _aHERMENeUTICA BIBLICA
_931814
650 1 4 _aINTERPRETACIóN DE LA BIBLIA
942 _2ddc
_cBK
999 _c30752
_d30752